000 00617nam a2200229Ia 4500
005 20250508164503.0
008 008 250505s9999 xx 000 0 hin d
020 _a81-7344-004-2
037 _aTextual
040 _aFEDL
_beng
_cFEDL
041 _ahin
_2eng
084 _a306.095 43, TIW
_qFEDL
100 _aTiwari Balbhadra
_9778272
245 0 _aBundeli samaj aur sanskriti: Pracheen avam madhyakaleen sanderbh
260 _c1995
300 _a288p.
365 _aINR
_b300
546 _aMACESE
650 _aCulture
942 _cTEXL
_h306.095 43, TIW
999 _c1389373
_d1389373